| 000 | 00697nam a2200205 i 4500 | ||
|---|---|---|---|
| 001 | bgj | ||
| 245 | 0 | 0 |
_aThe Doctors Book of Home Remedies : _bthousands of tips and techniques anyone can use to heal everyday health problems / _cby the editors of Prevention Magazine Health Books ; edited by Debora Tkac. |
| 260 |
_aEmmaus, Pa : _bRodale Press, _cc. 1990. |
||
| 300 |
_aXI, 676 pp ; _c24 cm. |
||
| 505 | _aIncludes index. | ||
| 650 | 9 |
_aMedicine _xPopular |
|
| 700 | 1 |
_aTKAC, Debora. _eeditor |
|
| 710 | p | 0 | _aPREVENTION MAGAZINE HEALTH BOOKS |
| 020 | _a0878578730 | ||
| 040 | _cBPK | ||
| 041 | 0 | _aeng | |
| 920 | _a0-87857-873-0 | ||
| 942 | _cKS | ||
| 008 | s uk f |000 0 eng | ||
| 999 |
_c47572 _d47572 |
||
| 856 |
_uhttp://koha.tu.koszalin.pl/cgi-bin/koha/opac-detail.pl?biblionumber=47572 _yKatalog online BPK |
||